|
|
|
|
| LEADER |
00000nam0a2200000 4500 |
| 001 |
156801 |
| 005 |
20231031153409.0 |
| 035 |
|
|
|a (RuTPU)RU\TPU\book\170052
|
| 090 |
|
|
|a 156801
|
| 100 |
|
|
|a 20090331d1952 m y0rusy50 ca
|
| 101 |
0 |
|
|a rus
|
| 102 |
|
|
|a RU
|
| 105 |
|
|
|a a z 000zy
|
| 200 |
1 |
|
|a Руководство осмотрщику вагонов
|f сост. В. И. Гробов ; ред. К. К. Брокаренко
|
| 205 |
|
|
|a 5-е изд., испр. и доп.
|
| 210 |
|
|
|a Москва
|c Трансжелдориздат
|d 1952
|
| 215 |
|
|
|a 208 с.
|c ил.
|
| 610 |
1 |
|
|a вагонная служба
|
| 610 |
1 |
|
|a вагоны
|
| 610 |
1 |
|
|a осмотры
|
| 610 |
1 |
|
|a ремонт
|
| 610 |
1 |
|
|a обслуживание
|
| 610 |
1 |
|
|a технические условия
|
| 610 |
1 |
|
|a грузовые вагоны
|
| 610 |
1 |
|
|a пассажирские вагоны
|
| 610 |
1 |
|
|a практические указания
|
| 610 |
1 |
|
|a детали
|
| 610 |
1 |
|
|a ревизия
|
| 675 |
|
|
|a 629.44/.46
|v 3
|
| 702 |
|
1 |
|a Гробов
|b В. И.
|4 220
|
| 702 |
|
1 |
|a Брокаренко
|b К. К.
|4 340
|
| 801 |
|
1 |
|a RU
|b 63413507
|c 20090331
|g PSBO
|
| 801 |
|
2 |
|a RU
|b 63413507
|c 20091117
|g PSBO
|
| 942 |
|
|
|c BK
|